CO MOŻEMY WPIĄĆ / WŁOŻYĆ DO TELEFONU? - Statystyki

Ogólne statystyki
  • Ten quiz został rozwiązany 55 razy
  • Średni wynik to 3 z 5
Statystyki odpowiedzi
Odpowiedź % Poprawnych
SŁUCHAWKI
93%
ŁADOWARKĘ
90%
KARTĘ SIM
60%
KARTE PAMIĘCI
40%
KABEL USB
31%
Nie znaleziono quizów pasujących do podanych kryteriów
Rozkład punktacji
Procent ludzi z każdym wynikiem
Percentyl według liczby udzielonych odpowiedzi
Twoja historia wyników
Nie rozwiązałeś tego quizu